| 000 | 00449nam a22001817a 4500 | ||
|---|---|---|---|
| 003 | AR-RoIUNI | ||
| 005 | 20190820153928.0 | ||
| 008 | 190820b xxu||||| |||| 00| 0 spa d | ||
| 020 | _a978-950-673-988-1 | ||
| 040 | _cIUNIR | ||
| 080 | _a82-31 | ||
| 100 | 1 | _aChiappetta, Dino | |
| 245 | 1 | _a¿Somos amigos o qué? | |
| 260 |
_aRosario _bUniversidad Nacional de Rosario _c2012 |
||
| 300 | _a196 p. | ||
| 650 | 1 | 0 |
_9557 _aLiteratura |
| 942 |
_2cdu _cBK |
||
| 999 |
_c5052 _d5052 |
||